Dạy học văn ở trường phổ thông

Guardat en:
Dades bibliogràfiques
Autor principal: Nguyễn Thị Thanh Hương
Format: Llibre
Idioma:Undetermined
Publicat: H. ĐHQG 2001
Matèries:
Etiquetes: Afegir etiqueta
Sense etiquetes, Sigues el primer a etiquetar aquest registre!
Thư viện lưu trữ: Trung tâm Học liệu Trường Đại học Cần Thơ
LEADER 00550nam a2200193Ia 4500
001 CTU_52420
008 210402s9999 xx 000 0 und d
020 |b 25000 
082 |a 807 
082 |b Ph561 
100 |a Nguyễn Thị Thanh Hương 
245 0 |a Dạy học văn ở trường phổ thông 
245 0 |c Nguyễn Thị Thanh Hương 
260 |a H. 
260 |b ĐHQG 
260 |c 2001 
650 |a vietnamese literature 
650 |x study and teaching 
980 |a Trung tâm Học liệu Trường Đại học Cần Thơ